000 00438nam a2200145Ia 4500
008 230917s9999||||xx |||||||||||||| ||und||
040 _e9269
_aMAIN
041 _aEnglish
082 _a309.11717 R721W
100 _aRosefielfs, Steven, ed.
245 0 _aWorld Communsim at the croos roads: Militray, Ascandancy, Political Economy, and Human Welfare.
260 _aBostan
_bMartinus Nighoff
_c1980
300 _axi, 334 p.
942 _cBK
999 _c203282
_d203282